[Event "2.BLS 1617 SC Eppingen - SC Viernheim"]
[Site "?"]
[Date "2017.04.23"]
[Round "8.6"]
[White "Gibicar, Danijel"]
[Black "Beikert, Guenther"]
[Result "0-1"]
[WhiteElo "2270"]
[BlackElo "2408"]
[PlyCount "120"]
[EventDate "2017.??.??"]

1. e4 c6 2. d4 d5 3. exd5 cxd5 4. c4 Nf6 5. Nc3 e6 6. Nf3 Bb4 7. cxd5 Nxd5 8.
Bd2 O-O 9. Bd3 Nc6 10. a3 Be7 11. O-O Nf6 12. Bg5 h6 13. Bh4 Nh5 14. Bxe7 Nxe7
15. Ne5 Nf6 16. Re1 Bd7 17. Qf3 Bc6 18. Nxc6 bxc6 19. Rad1 Rb8 20. Re2 Qd6 21.
Qg3 Rfd8 22. Rc2 Kf8 23. Ne2 a5 24. Rdc1 Rb3 25. Qxd6 Rxd6 26. Bc4 Rb6 27. Bd3
Rd8 28. h3 g5 29. f3 Rdb8 30. Rb1 Rb3 31. Bc4 R3b7 32. Kf2 Ke8 33. b3 Nfd5 34.
Rd1 Nf5 35. Bxd5 cxd5 36. Nc1 Rxb3 37. Nxb3 Rxb3 38. a4 Rb4 39. Rcd2 Rxa4 40.
g4 Nd6 41. Rb2 Ke7 42. Rb8 Kf6 43. Rd2 Nc4 44. Re2 Ra3 45. Rh8 Kg7 46. Ra8 Rd3
47. Ra7 Kf6 48. Re1 Rxd4 49. Rb1 Rd2+ 50. Kg3 Ra2 51. h4 Ra3 52. hxg5+ hxg5 53.
Rd1 Ne5 54. Rf1 a4 55. Kg2 Ng6 56. Rf2 Ra1 57. Rd2 Ne5 58. Rf2 Nd3 59. Rd2 Ra3
60. Rb7 Ne1+ 0-1

[Event "2.BLS 1617 SC Eppingen - SC Viernheim"]
[Site "?"]
[Date "2017.04.23"]
[Round "8.7"]
[White "Meinhardt, Maximilian"]
[Black "Muetsch, Annmarie"]
[Result "1-0"]
[WhiteElo "2374"]
[BlackElo "2108"]
[PlyCount "73"]
[EventDate "2017.??.??"]

1. e4 c5 2. Nc3 Nc6 3. Bb5 Nd4 4. Bc4 e6 5. Nf3 Nf6 6. O-O a6 7. Re1 b5 8. Bf1
Bb7 9. d3 Nxf3+ 10. Qxf3 b4 11. Ne2 d5 12. e5 Nd7 13. Qg3 Qc7 14. c3 h5 15. Nf4
O-O-O 16. d4 c4 17. Bd2 a5 18. Rec1 Nb6 19. cxb4 axb4 20. Nd3 h4 21. Qh3 Kd7
22. Nxb4 Ke8 23. a4 Ra8 24. b3 Bxb4 25. Bxb4 Ba6 26. Qg4 g6 27. a5 Nd7 28. Bd3
Qb7 29. Bxg6 Qxb4 30. Qxe6+ Qe7 31. Qxd5 Rb8 32. e6 fxg6 33. exd7+ Qxd7 34.
Re1+ Kd8 35. Qe5 Rxb3 36. Qxh8+ Kc7 37. Qxh4 1-0

[Event "2.BLS 1617 SF Schöneck - Schott Mainz"]
[Site "?"]
[Date "2017.04.23"]
[Round "8.1"]
[White "Lobron, Eric"]
[Black "Polak, Tomas"]
[Result "1/2-1/2"]
[WhiteElo "2505"]
[BlackElo "2509"]
[PlyCount "103"]
[EventDate "2017.??.??"]

1. Nf3 Nf6 2. g3 d5 3. Bg2 c6 4. O-O Bg4 5. d3 Nbd7 6. h3 Bxf3 7. Bxf3 g6 8. e4
Bg7 9. Qe2 O-O 10. Nd2 e6 11. Bg2 Qb6 12. Kh2 Qa6 13. Qe1 Ne8 14. f4 f5 15. e5
Nc7 16. Nf3 Bh6 17. d4 c5 18. c3 Rac8 19. Rf2 cxd4 20. cxd4 Nb8 21. Bf1 Qb6 22.
Be3 Nc6 23. Rc1 Na6 24. a3 Ne7 25. b4 Rxc1 26. Qxc1 Rc8 27. Rc2 Rxc2+ 28. Qxc2
Bf8 29. Bd3 h6 30. g4 Qc7 31. Qb2 Nb8 32. a4 Nd7 33. a5 a6 34. Bd2 Kf7 35. Kg3
b5 36. Qb1 Nb8 37. Kf2 Nbc6 38. Ke2 Qa7 39. Qg1 Nd8 40. h4 Qd7 41. h5 gxh5 42.
gxf5 Nxf5 43. Qh2 Nc6 44. Qxh5+ Kg7 45. Qg4+ Kf7 46. Kd1 Qc8 47. Qh5+ Kg7 48.
Ne1 Nce7 49. Qg4+ Kf7 50. Qh5+ Kg7 51. Qg4+ Kf7 52. Qh5+ 1/2-1/2

[Event "2.BLS 1617 SF Schöneck - Schott Mainz"]
[Site "?"]
[Date "2017.04.23"]
[Round "8.2"]
[White "Krejci, Jan"]
[Black "Dann, Matthias"]
[Result "0-1"]
[WhiteElo "2520"]
[BlackElo "2493"]
[PlyCount "76"]
[EventDate "2017.??.??"]

1. e4 c5 2. Nf3 d6 3. d4 cxd4 4. Nxd4 Nf6 5. Nc3 a6 6. Be3 Ng4 7. Bc1 Nf6 8.
Be3 Ng4 9. Bg5 h6 10. Bh4 g5 11. Bg3 Bg7 12. h3 Ne5 13. Nf5 Bxf5 14. exf5 Nbc6
15. Nd5 e6 16. fxe6 fxe6 17. Ne3 Qa5+ 18. c3 Nf3+ 19. Qxf3 Bxc3+ 20. Kd1 Bxb2
21. Qe4 Bxa1 22. Qxe6+ Kd8 23. Qxd6+ Ke8 24. Qg6+ Kd8 25. Qd6+ Ke8 26. Nd5 Qa4+
27. Kc1 Rc8 28. Qe6+ Ne7+ 29. Nc7+ Kd8 30. Bc4 Qa3+ 31. Kc2 Qc3+ 32. Kd1 Rxc7
33. Bxc7+ Kxc7 34. Qxe7+ Kb8 35. Qd6+ Ka7 36. Qd3 Qf6 37. Ke1 Bd4 38. Qc2 Rc8
0-1

[Event "2.BLS 1617 SF Schöneck - Schott Mainz"]
[Site "?"]
[Date "2017.04.23"]
[Round "8.3"]
[White "Krivonosov, Oleg"]
[Black "Poetsch, Hagen"]
[Result "1/2-1/2"]
[WhiteElo "2448"]
[BlackElo "2497"]
[PlyCount "82"]
[EventDate "2017.??.??"]

1. Nf3 Nf6 2. c4 e6 3. g3 d5 4. d4 dxc4 5. Qa4+ Bd7 6. Qxc4 b5 7. Qd3 c5 8.
dxc5 Na6 9. Bg2 Nxc5 10. Qd1 Bc6 11. Qxd8+ Rxd8 12. O-O Be7 13. Ne5 Bxg2 14.
Kxg2 Rc8 15. Nc3 a6 16. Be3 b4 17. Nd1 Ncd7 18. Bd4 Nxe5 19. Bxe5 Rc5 20. Bd4
Rd5 21. Be3 Kd7 22. a3 bxa3 23. bxa3 Rc8 24. Ra2 Ne4 25. a4 Nd6 26. Bd2 Ne4 27.
Be3 Bf6 28. f3 Nd6 29. Bf2 Rc1 30. Ne3 Rxf1 31. Kxf1 Rc5 32. Ng4 Rc1+ 33. Kg2
Bc3 34. Be3 Rb1 35. Rc2 Rb3 36. Nf2 Nf5 37. Ba7 Bb4 38. Nd3 Bd6 39. Nc5+ Bxc5
40. Bxc5 Ne3+ 41. Bxe3 Rxe3 1/2-1/2

[Event "2.BLS 1617 SF Schöneck - Schott Mainz"]
[Site "?"]
[Date "2017.04.23"]
[Round "8.4"]
[White "Konopka, Michal"]
[Black "Cicak, Slavko"]
[Result "1/2-1/2"]
[WhiteElo "2390"]
[BlackElo "2515"]
[PlyCount "21"]
[EventDate "2017.??.??"]

1. Nf3 g6 2. g3 Bg7 3. d4 c5 4. c3 Qc7 5. Bg2 Nf6 6. O-O O-O 7. Bg5 h6 8. Bxf6
Bxf6 9. Nbd2 Bg7 10. e3 d6 11. Qe2 1/2-1/2

[Event "2.BLS 1617 SF Schöneck - Schott Mainz"]
[Site "?"]
[Date "2017.04.23"]
[Round "8.5"]
[White "Balcerak, Jakob"]
[Black "Heinatz, Thomas"]
[Result "1-0"]
[WhiteElo "2454"]
[BlackElo "2281"]
[PlyCount "69"]
[EventDate "2017.??.??"]

1. d4 Nf6 2. c4 g6 3. Nc3 Bg7 4. e4 d6 5. f3 O-O 6. Be3 Nbd7 7. Nge2 c5 8. d5
Ne5 9. Ng3 h5 10. Be2 h4 11. Nf1 a6 12. Nd2 e6 13. a4 Re8 14. O-O exd5 15. cxd5
Rb8 16. h3 Nh7 17. f4 Nd7 18. Bd3 f5 19. Bf2 Ndf8 20. exf5 Bxf5 21. Bxf5 gxf5
22. Qh5 Qd7 23. Bxh4 b5 24. axb5 axb5 25. Rae1 Nf6 26. Bxf6 Bxf6 27. Nf3 b4 28.
Nd1 c4 29. Nh4 Bxh4 30. Qxh4 c3 31. bxc3 b3 32. Qg5+ Kf7 33. Nb2 Ng6 34. Kh2
Rh8 35. Re6 1-0

[Event "2.BLS 1617 SF Schöneck - Schott Mainz"]
[Site "?"]
[Date "2017.04.23"]
[Round "8.6"]
[White "Nazarenus, Moritz"]
[Black "Schenderowitsch, Michael"]
[Result "1/2-1/2"]
[WhiteElo "2223"]
[BlackElo "2339"]
[PlyCount "57"]
[EventDate "2017.??.??"]

1. d4 e6 2. c4 Nf6 3. Nf3 Bb4+ 4. Nbd2 b6 5. g3 Bb7 6. Bg2 O-O 7. O-O d5 8. a3
Be7 9. b3 Nbd7 10. Bb2 c5 11. e3 Rc8 12. Rc1 Rc7 13. dxc5 Nxc5 14. Ne5 Ncd7 15.
Nxd7 Rxd7 16. Qc2 dxc4 17. Nxc4 Bxg2 18. Kxg2 Qa8+ 19. Kg1 Rc8 20. Qe2 Rcd8 21.
Rc2 Ne4 22. Qf3 Bf6 23. Bxf6 gxf6 24. Qg4+ Kf8 25. f3 Nc5 26. Qh4 Kg7 27. Qg4+
Kf8 28. Qh4 Kg7 29. Qg4+ 1/2-1/2

[Event "2.BLS 1617 SF Schöneck - Schott Mainz"]
[Site "?"]
[Date "2017.04.23"]
[Round "8.7"]
[White "Lanka, Zigurds"]
[Black "Meyer, Kai-Christian"]
[Result "1/2-1/2"]
[WhiteElo "2442"]
[BlackElo "2154"]
[PlyCount "79"]
[EventDate "2017.??.??"]

1. e4 c6 2. d4 d5 3. exd5 cxd5 4. c4 Nf6 5. Nc3 e6 6. Nf3 Bb4 7. cxd5 Qxd5 8.
Bd3 O-O 9. O-O Bxc3 10. bxc3 b6 11. c4 Qh5 12. Be2 Bb7 13. Bf4 Qf5 14. Bg3 Nc6
15. Rb1 Qa5 16. Qb3 Ne4 17. Bd3 Nd2 18. Nxd2 Qxd2 19. Rfd1 Qg5 20. Bf1 Rfd8 21.
Qe3 Qxe3 22. fxe3 Ne7 23. Bd3 Rac8 24. Rb3 Nf5 25. Bxf5 exf5 26. Rc1 Be4 27.
Rbc3 h6 28. a4 Rc6 29. d5 Rc5 30. Be5 f6 31. Bd4 Ra5 32. Ra1 Rc8 33. Ra2 Kf7
34. Kf2 Kg6 35. Ke1 Kg5 36. Kf2 Kg4 37. Raa3 Kh4 38. Ra2 Kg4 39. Raa3 Kh4 40.
Ra2 1/2-1/2

[Event "2.BLS 1617 SF Schöneck - Schott Mainz"]
[Site "?"]
[Date "2017.04.23"]
[Round "8.8"]
[White "Everett, Elijah"]
[Black "Goebel, Constantin"]
[Result "0-1"]
[WhiteElo "2114"]
[BlackElo "2208"]
[PlyCount "76"]
[EventDate "2017.??.??"]

1. e4 c5 2. Nf3 Nc6 3. d4 cxd4 4. Nxd4 e5 5. Nb5 d6 6. N1c3 a6 7. Na3 Be7 8.
Nc4 b5 9. Ne3 Nf6 10. Bd3 O-O 11. O-O b4 12. Ncd5 Nxd5 13. Nxd5 Bg5 14. Bxg5
Qxg5 15. Nb6 Ra7 16. Bc4 Bg4 17. Qd3 Nd4 18. f3 Be6 19. c3 bxc3 20. bxc3 Bxc4
21. Nxc4 Ne6 22. Rad1 Rc7 23. Ne3 Nf4 24. Qd2 Rxc3 25. Nf5 d5 26. h4 Qf6 27. g3
dxe4 28. fxe4 Qb6+ 29. Kh1 Rd3 30. Qc2 Rxd1 31. Rxd1 Ne6 32. Rd6 Qb7 33. Qc6
Qb1+ 34. Kh2 Qxa2+ 35. Kh3 g6 36. Ne7+ Kg7 37. Qd5 Qa1 38. Kg2 Rb8 0-1

[Event "2.BLS 1617 SC Heusenstamm - Caissa Schw"]
[Site "?"]
[Date "2017.04.23"]
[Round "8.1"]
[White "Frischmann, Rick"]
[Black "Sadzikowski, Daniel"]
[Result "0-1"]
[WhiteElo "2299"]
[BlackElo "2547"]
[PlyCount "122"]
[EventDate "2017.??.??"]

1. e4 c5 2. Nf3 d6 3. Bb5+ Nd7 4. O-O a6 5. Bd3 Ngf6 6. Re1 e5 7. c3 Be7 8. Bf1
b5 9. a4 Bb7 10. d4 cxd4 11. cxd4 b4 12. Nbd2 O-O 13. a5 exd4 14. Nxd4 Re8 15.
Nc2 d5 16. exd5 Qc7 17. Nc4 Nxd5 18. N2e3 N7f6 19. Nxd5 Nxd5 20. Qg4 Bc5 21.
Bd2 Rad8 22. Qg3 Qxg3 23. hxg3 h6 24. Rac1 Rxe1 25. Bxe1 Rc8 26. Rd1 Re8 27.
Bd2 Bf8 28. Ne3 Nf6 29. Be1 Ne4 30. Bc4 Bc6 31. Nc2 Nd6 32. Bxa6 Ba4 33. Bd3
Nb7 34. Ra1 Bxc2 35. Bxc2 Nxa5 36. Kf1 Nc4 37. Bb3 Nxb2 38. Ra7 Kh8 39. Rd7 Rc8
40. Ke2 Re8+ 41. Kd2 f5 42. f3 Rc8 43. Be6 Re8 44. Bf7 Rc8 45. Be6 b3 46. Bxf5
Nc4+ 47. Ke2 Re8+ 48. Be4 Nd6 49. Bc3 Nxe4 50. fxe4 Rxe4+ 51. Kf3 Rc4 52. Bb2
Kg8 53. Rb7 Rb4 54. Rxb4 Bxb4 55. Ke4 Be7 56. Kd3 Kf7 57. Kc4 Bf6 58. Kxb3 Bxb2
59. Kxb2 Kf6 60. Kc3 Kf5 61. Kd4 Kg4 0-1

[Event "2.BLS 1617 SC Heusenstamm - Caissa Schw"]
[Site "?"]
[Date "2017.04.23"]
[Round "8.2"]
[White "Wieczorek, Oskar"]
[Black "Fries, Frederik"]
[Result "1/2-1/2"]
[WhiteElo "2484"]
[BlackElo "2307"]
[PlyCount "43"]
[EventDate "2017.??.??"]

1. e4 e5 2. Nf3 Nf6 3. Nxe5 d6 4. Nf3 Nxe4 5. c4 c6 6. Nc3 Nf6 7. d4 Be7 8. d5
O-O 9. Be2 Bf5 10. Nd4 Bg6 11. h4 c5 12. Nc2 Ne4 13. Nxe4 Bxe4 14. Bd3 Bxd3 15.
Qxd3 Re8 16. Ne3 Bf6 17. Kf1 Nd7 18. Qc2 a6 19. Nf5 Ne5 20. Bg5 h6 21. Bf4 b5
22. Bxe5 1/2-1/2

[Event "2.BLS 1617 SC Heusenstamm - Caissa Schw"]
[Site "?"]
[Date "2017.04.23"]
[Round "8.3"]
[White "Wild, Achim"]
[Black "Zuyev, Igor"]
[Result "0-1"]
[WhiteElo "2275"]
[BlackElo "2420"]
[PlyCount "64"]
[EventDate "2017.??.??"]

1. c4 c5 2. Nf3 g6 3. d4 cxd4 4. Nxd4 Nc6 5. e4 Bg7 6. Be3 Nf6 7. Nc3 O-O 8.
Be2 d6 9. O-O Bd7 10. Qd2 Ng4 11. Bxg4 Bxg4 12. f3 Bd7 13. Rac1 Qa5 14. Rfd1
Rae8 15. Nde2 b6 16. Kh1 f5 17. exf5 Bxf5 18. Nd5 Qxd2 19. Rxd2 Rf7 20. h3 Be5
21. b3 Rc8 22. g4 Bd7 23. Kg2 Bg7 24. f4 Rcf8 25. Rdd1 h5 26. Kg3 g5 27. f5
Be5+ 28. Kg2 e6 29. fxe6 Bxe6 30. Rf1 hxg4 31. hxg4 Bxg4 32. Ng1 Bf5 0-1

[Event "2.BLS 1617 SC Heusenstamm - Caissa Schw"]
[Site "?"]
[Date "2017.04.23"]
[Round "8.4"]
[White "Weichhold, Pawel"]
[Black "Weller, Manuel"]
[Result "1-0"]
[WhiteElo "2423"]
[BlackElo "2217"]
[PlyCount "61"]
[EventDate "2017.??.??"]

1. e4 e6 2. d4 d5 3. Nc3 Nf6 4. Bg5 Be7 5. e5 Nfd7 6. Bxe7 Qxe7 7. f4 a6 8. Nf3
c5 9. dxc5 Nc6 10. Qd2 Nxc5 11. O-O-O b5 12. Bd3 b4 13. Ne2 Rb8 14. Kb1 Qc7 15.
g4 a5 16. Ned4 Nxd4 17. Nxd4 Bd7 18. Rhe1 Na4 19. Ka1 Qb6 20. Qe3 h5 21. f5
hxg4 22. fxe6 Bxe6 23. Bb5+ Bd7 24. Bxd7+ Kxd7 25. Qb3 Nc5 26. Qxd5+ Ke8 27.
Nf5 Ne6 28. Nd6+ Ke7 29. Rf1 f6 30. exf6+ gxf6 31. Rfe1 1-0

[Event "2.BLS 1617 SC Heusenstamm - Caissa Schw"]
[Site "?"]
[Date "2017.04.23"]
[Round "8.5"]
[White "Tabatt, Hendrik"]
[Black "Barski, Radoslaw"]
[Result "1/2-1/2"]
[WhiteElo "2302"]
[BlackElo "2407"]
[PlyCount "109"]
[EventDate "2017.??.??"]

1. d4 Nf6 2. c4 e6 3. Nf3 b6 4. Nbd2 Bb7 5. e3 Be7 6. Bd3 c5 7. dxc5 bxc5 8.
O-O O-O 9. b3 Nc6 10. Bb2 a5 11. Rc1 d6 12. Bb1 Qd7 13. Ng5 g6 14. Qf3 e5 15.
Qe2 Ne8 16. f4 f5 17. Rfd1 Bxg5 18. fxg5 Qe7 19. h4 e4 20. Qe1 Ng7 21. Nf1 Rad8
22. Qc3 Ne5 23. Rd2 f4 24. exf4 Rxf4 25. Rcd1 Rdf8 26. Ne3 Rxh4 27. Rxd6 Qxg5
28. Rd8 Nf3+ 29. Kf2 Nd4+ 30. Rxf8+ Kxf8 31. Rxd4 Qf6+ 32. Ke2 cxd4 33. Qxd4
Qxd4 34. Bxd4 Nf5 35. Bc3 Rh2 36. Bxa5 Nxe3 37. Kxe3 Rxg2 38. Bc7 Rg1 39. Bc2
h5 40. b4 h4 41. b5 h3 42. c5 Rg2 43. Bb3 h2 44. Bxh2 Rxh2 45. c6 Ba8 46. Bd5
Rc2 47. a4 Ke7 48. Bxe4 Rc1 49. Bxg6 Kd6 50. Kd2 Rg1 51. Bd3 Kc5 52. a5 Rg7 53.
Kc3 Rg3 54. a6 Rg7 55. Bc4 1/2-1/2

[Event "2.BLS 1617 SC Heusenstamm - Caissa Schw"]
[Site "?"]
[Date "2017.04.23"]
[Round "8.6"]
[White "Solonar, Stefan"]
[Black "Gress, Alexander"]
[Result "1/2-1/2"]
[WhiteElo "2324"]
[BlackElo "2136"]
[PlyCount "90"]
[EventDate "2017.??.??"]

1. Nf3 c5 2. c4 Nf6 3. d4 cxd4 4. Nxd4 e6 5. Nc3 d5 6. cxd5 Nxd5 7. Bd2 Bc5 8.
Nb3 Bb6 9. e4 Nxc3 10. Bxc3 O-O 11. Qf3 Nc6 12. Rd1 Qe7 13. e5 Nb4 14. Qe4 a5
15. a3 Nd5 16. Bd3 g6 17. Bd4 Bd7 18. Bxb6 Nxb6 19. O-O Bc6 20. Qe3 Nd5 21. Qg3
Ba4 22. Be4 Rad8 23. Bxd5 exd5 24. Rfe1 Rd7 25. Rd4 Bxb3 26. Qxb3 Qc5 27. Red1
Re8 28. f4 Re6 29. Qd3 Rb6 30. Qd2 Rc7 31. f5 Re7 32. b4 axb4 33. axb4 Qc8 34.
e6 fxe6 35. fxg6 hxg6 36. Qh6 Qf8 37. Qxg6+ Rg7 38. Qh5 Qf7 39. Qh4 Qe7 40. Qh3
Rg6 41. Rh4 Qg7 42. Rf1 Ra6 43. Rhf4 Ra1 44. g3 Rxf1+ 45. Qxf1 Rg4 1/2-1/2

[Event "2.BLS 1617 SC Heusenstamm - Caissa Schw"]
[Site "?"]
[Date "2017.04.23"]
[Round "8.7"]
[White "Becker, Joerg"]
[Black "Klundt, Klaus"]
[Result "0-1"]
[WhiteElo "2121"]
[BlackElo "2314"]
[PlyCount "86"]
[EventDate "2017.??.??"]

1. e4 c5 2. Nf3 e6 3. c4 Nc6 4. Nc3 Nf6 5. Be2 d5 6. exd5 exd5 7. d4 cxd4 8.
Nxd4 Bb4 9. O-O O-O 10. Bg5 dxc4 11. Nxc6 bxc6 12. Qa4 Qa5 13. Qxa5 Bxa5 14.
Bxf6 gxf6 15. Bxc4 Rb8 16. Na4 Rd8 17. Rfd1 Be6 18. Bxe6 fxe6 19. Rac1 Kf7 20.
Kf1 Rd5 21. Rxd5 cxd5 22. Rc5 Bd8 23. b3 Rb7 24. f4 Rb4 25. g3 Kg6 26. Ke2 h5
27. Kf3 Rd4 28. Rc8 Bb6 29. Nxb6 axb6 30. Rc6 Kf5 31. Rxb6 Rd2 32. h3 Rd3+ 33.
Kf2 e5 34. fxe5 fxe5 35. Rh6 Ke4 36. Rxh5 Rd2+ 37. Ke1 Rxa2 38. Rh8 Ke3 39. Kd1
d4 40. Kc1 d3 41. Kb1 Rg2 42. Rd8 Rg1+ 43. Kb2 d2 0-1

[Event "2.BLS 1617 SC Heusenstamm - Caissa Schw"]
[Site "?"]
[Date "2017.04.23"]
[Round "8.8"]
[White "von Rahden, Arvid"]
[Black "Recktenwald, Cedric"]
[Result "1/2-1/2"]
[WhiteElo "2200"]
[BlackElo "1788"]
[PlyCount "81"]
[EventDate "2017.??.??"]

1. e4 e6 2. d4 d5 3. e5 c5 4. c3 Nc6 5. Nf3 Bd7 6. Be2 f6 7. exf6 Nxf6 8. O-O
cxd4 9. cxd4 Bd6 10. Nc3 a6 11. Re1 O-O 12. h3 Qb6 13. Bd3 g6 14. Bh6 Nxd4 15.
Nxd4 Qxd4 16. Bxf8 Rxf8 17. Qd2 Nh5 18. Qe3 Qh4 19. Nd1 Nf4 20. Bf1 d4 21. Qb3
b5 22. a4 bxa4 23. Qb6 Nxh3+ 24. gxh3 Qf4 25. Bd3 Qh2+ 26. Kf1 Qxh3+ 27. Ke2
Qf3+ 28. Kd2 Bf4+ 29. Kc2 Rc8+ 30. Nc3 dxc3 31. bxc3 Rb8 32. Qd4 Qb7 33. Rab1
Qc7 34. Bc4 Rxb1 35. Kxb1 Kf7 36. Ka2 a5 37. Rd1 Bc8 38. Rh1 h6 39. Re1 Qd6 40.
Qa7+ Qc7 41. Qd4 1/2-1/2

[Event "2.BLS 1617 SC Deizisau - SC Untergromba"]
[Site "?"]
[Date "2017.04.23"]
[Round "8.1"]
[White "Brunner, Nicolas"]
[Black "Leko, Peter"]
[Result "1/2-1/2"]
[WhiteElo "2471"]
[BlackElo "2699"]
[PlyCount "75"]
[EventDate "2017.??.??"]

1. d4 Nf6 2. c4 e6 3. Nc3 Bb4 4. Nf3 O-O 5. Bg5 c5 6. Rc1 cxd4 7. Nxd4 h6 8.
Bh4 d5 9. cxd5 g5 10. Bg3 Qxd5 11. e3 Qxa2 12. Qc2 Nd5 13. h4 Nxc3 14. hxg5
Na4+ 15. Kd1 Qxb2 16. Qxb2 Nxb2+ 17. Kc2 hxg5 18. Kxb2 Be7 19. Be5 f6 20. Bg3
Nc6 21. Nxc6 bxc6 22. Rxc6 Rf7 23. Bc4 Bd7 24. Rxe6 Bxe6 25. Bxe6 Kg7 26. Bxf7
Kxf7 27. Kb3 a5 28. Ka4 Bb4 29. Rc1 Rd8 30. Rc7+ Kg6 31. Rc6 Rd2 32. e4 Kf7 33.
Rc7+ Ke6 34. Rc6+ Ke7 35. Rc7+ Ke6 36. Rc6+ Ke7 37. Rc7+ Ke6 38. Rc6+ 1/2-1/2

[Event "2.BLS 1617 SC Deizisau - SC Untergromba"]
[Site "?"]
[Date "2017.04.23"]
[Round "8.2"]
[White "Krasenkow, Michal"]
[Black "Heinz, Timothee"]
[Result "1-0"]
[WhiteElo "2620"]
[BlackElo "2353"]
[PlyCount "125"]
[EventDate "2017.??.??"]

1. d4 d5 2. c4 c6 3. Nc3 Nf6 4. e3 a6 5. b3 Bf5 6. Bd3 Bg6 7. Nf3 Nbd7 8. Bxg6
hxg6 9. Bb2 e6 10. Qc2 Bd6 11. O-O-O Qe7 12. c5 Bc7 13. e4 Nxe4 14. Nxe4 dxe4
15. Qxe4 Nf6 16. Qe2 Nd5 17. h4 Qf6 18. g3 Qf5 19. a3 Qg4 20. Kb1 O-O-O 21.
Rhe1 Rde8 22. Rd3 f6 23. Qc2 Qf5 24. Re2 Qh5 25. Re4 Qh7 26. Qe2 Qg8 27. Qe1
Kd7 28. Nd2 Rh5 29. Nf3 Re7 30. Ka2 Ke8 31. Bc1 Kf7 32. g4 Rh8 33. g5 f5 34.
Re2 Rh5 35. Kb2 Qd8 36. Rc2 Qc8 37. Rd1 Re8 38. Re2 Re7 39. Qh1 Re8 40. Rde1
Re7 41. Qg2 Re8 42. Rh1 Reh8 43. Qf1 Qd7 44. Qd1 Qc8 45. Qd3 Qd7 46. Bd2 Qc8
47. b4 Qd7 48. a4 Ra8 49. Kc2 Rhh8 50. Rb1 Rhb8 51. Ree1 Re8 52. Rb3 Re7 53.
Qe2 Qc8 54. Rh1 Re8 55. h5 Ne7 56. Nh4 Rh8 57. Nxg6 Nxg6 58. hxg6+ Ke7 59. Rh7
Rg8 60. d5 cxd5 61. Bc3 Kf8 62. Qh5 e5 63. Rxg7 1-0

[Event "2.BLS 1617 SC Deizisau - SC Untergromba"]
[Site "?"]
[Date "2017.04.23"]
[Round "8.3"]
[White "Schneider, Bernd"]
[Black "Dautov, Rustem"]
[Result "0-1"]
[WhiteElo "2295"]
[BlackElo "2593"]
[PlyCount "94"]
[EventDate "2017.??.??"]

1. e4 c6 2. d4 d5 3. Nd2 dxe4 4. Nxe4 Bf5 5. Ng3 Bg6 6. Nf3 Nd7 7. Bc4 e6 8.
O-O Ngf6 9. Re1 Be7 10. c3 Nd5 11. a3 O-O 12. Ba2 b5 13. Bd2 N5b6 14. Bf4 Re8
15. Qe2 Nd5 16. Bd2 Qc7 17. Ne5 Nxe5 18. Qxe5 Qxe5 19. Rxe5 Nb6 20. Rd1 Nc4 21.
Bxc4 bxc4 22. Bc1 a5 23. f3 Red8 24. Rde1 Bd6 25. R5e2 Bd3 26. Rf2 c5 27. Be3
cxd4 28. Bxd4 e5 29. Be3 f5 30. f4 exf4 31. Bxf4 Bc5 32. Re5 Bxf2+ 33. Kxf2
Rab8 34. Rxa5 Rxb2+ 35. Kf3 Re8 36. Be5 g6 37. a4 h6 38. h4 Kf7 39. Rc5 Re6 40.
a5 g5 41. hxg5 hxg5 42. a6 Rxa6 43. Bd4 Kg6 44. Rc8 f4 45. Rg8+ Kf7 46. Rg7+
Kf8 47. Ne4 Be2+ 0-1

[Event "2.BLS 1617 SC Deizisau - SC Untergromba"]
[Site "?"]
[Date "2017.04.23"]
[Round "8.4"]
[White "Kozul, Zdenko"]
[Black "Cofman, Veaceslav"]
[Result "1-0"]
[WhiteElo "2631"]
[BlackElo "2146"]
[PlyCount "77"]
[EventDate "2017.??.??"]

1. d4 Nf6 2. c4 c5 3. d5 b5 4. cxb5 a6 5. b6 d6 6. Nc3 Nbd7 7. e4 g6 8. a4 Qxb6
9. a5 Qc7 10. Nf3 Bg7 11. h3 O-O 12. Bc4 Ne8 13. O-O Ne5 14. Nxe5 Bxe5 15. Bh6
Ng7 16. Ra2 Bd7 17. Qe2 Qb7 18. Na4 Bxa4 19. Rxa4 Rfb8 20. b3 Ne8 21. f4 Bd4+
22. Kh1 Nc7 23. e5 Nb5 24. Qf3 Qc8 25. Ra2 f5 26. g4 Kh8 27. Rg2 fxg4 28. hxg4
Qd7 29. Rh2 Qe8 30. g5 Qg8 31. Re1 Bc3 32. Re4 Bxa5 33. f5 gxf5 34. Qxf5 Rf8
35. Bxf8 Rxf8 36. Qh3 Rf7 37. Rh4 Nd4 38. e6 Rg7 39. g6 1-0

[Event "2.BLS 1617 SC Deizisau - SC Untergromba"]
[Site "?"]
[Date "2017.04.23"]
[Round "8.5"]
[White "Fuchs, Heinz"]
[Black "Graf, Alexander"]
[Result "0-1"]
[WhiteElo "2244"]
[BlackElo "2577"]
[PlyCount "56"]
[EventDate "2017.??.??"]

1. c4 e5 2. Nc3 d6 3. Nf3 Nc6 4. d4 Bg4 5. d5 Nce7 6. e4 Ng6 7. h3 Bd7 8. g3
Be7 9. Bg2 Qc8 10. h4 Nf6 11. h5 Nf8 12. h6 g6 13. Ng5 Qd8 14. Nh3 Bc8 15. Qc2
N8d7 16. Bd2 O-O 17. O-O-O c6 18. Kb1 cxd5 19. cxd5 Nc5 20. f3 Bd7 21. Be3 Rc8
22. Qd2 a5 23. Rc1 a4 24. g4 b5 25. Nf2 b4 26. Ne2 Bb5 27. Ng3 Qa5 28. Bf1 Nb3
0-1

[Event "2.BLS 1617 SC Deizisau - SC Untergromba"]
[Site "?"]
[Date "2017.04.23"]
[Round "8.6"]
[White "Demuth, Adrien"]
[Black "Vatter, Hans-Joachim"]
[Result "1-0"]
[WhiteElo "2529"]
[BlackElo "2202"]
[PlyCount "115"]
[EventDate "2017.??.??"]

1. Nf3 d6 2. d4 Bg4 3. Qd3 c6 4. Ng5 e6 5. f3 Bh5 6. Nh3 Bg6 7. e4 d5 8. Nf4
Nf6 9. Nc3 Bb4 10. Nxg6 hxg6 11. Bg5 Qa5 12. Bd2 Qc7 13. e5 Nfd7 14. O-O-O a6
15. Kb1 Be7 16. Ne2 c5 17. c4 dxc4 18. Qxc4 Nc6 19. f4 cxd4 20. Nxd4 Nb6 21.
Qc2 Rc8 22. Nxc6 Qxc6 23. Qxc6+ Rxc6 24. Be2 Nc4 25. Bc1 Rc7 26. Rd4 b5 27.
Bxc4 bxc4 28. Kc2 f6 29. exf6 gxf6 30. Kc3 Rh5 31. Rxc4 Rxc4+ 32. Kxc4 e5 33.
Kd3 Bd6 34. fxe5 Bxe5 35. h3 Rf5 36. Re1 Kd7 37. Ke2 Rh5 38. Rd1+ Kc6 39. Rd3
Bd6 40. Bd2 Rb5 41. b3 Re5+ 42. Re3 f5 43. Kd3 Rxe3+ 44. Bxe3 Kd5 45. Bd2 Bg3
46. a4 Bc7 47. b4 Bd6 48. Be1 Be7 49. Bc3 Bd6 50. Bd2 Be5 51. Be3 Bg3 52. b5
axb5 53. axb5 Bb8 54. Ke2 Ke4 55. b6 Bg3 56. Bg5 Kd5 57. Kf3 Bd6 58. Bf4 1-0

[Event "2.BLS 1617 SC Deizisau - SC Untergromba"]
[Site "?"]
[Date "2017.04.23"]
[Round "8.7"]
[White "Florea, Dan"]
[Black "Zilka, Stepan"]
[Result "0-1"]
[WhiteElo "2271"]
[BlackElo "2523"]
[PlyCount "52"]
[EventDate "2017.??.??"]

1. d4 Nf6 2. c4 e6 3. Nc3 Bb4 4. e3 O-O 5. Bd3 d5 6. Nge2 c5 7. cxd5 exd5 8. a3
cxd4 9. exd4 Be7 10. O-O Nc6 11. Bg5 Bg4 12. Qc2 h6 13. Be3 Bd6 14. h3 Be6 15.
f4 Re8 16. Rf3 Rc8 17. g4 Ne4 18. f5 Bd7 19. Qd1 Na5 20. Qf1 Nb3 21. Rd1 Ng5
22. Bxg5 Qxg5 23. Bb5 Bxb5 24. Nxb5 Nd2 25. Rxd2 Qxd2 26. Nxd6 Rxe2 0-1

[Event "2.BLS 1617 SC Deizisau - SC Untergromba"]
[Site "?"]
[Date "2017.04.23"]
[Round "8.8"]
[White "Schlosser, Philipp"]
[Black "Doll, Alexander"]
[Result "1-0"]
[WhiteElo "2523"]
[BlackElo "1808"]
[PlyCount "45"]
[EventDate "2017.??.??"]

1. Nf3 Nf6 2. c4 g6 3. Nc3 Bg7 4. e4 d6 5. d4 O-O 6. h3 c5 7. d5 a6 8. a4 e6 9.
Bd3 exd5 10. cxd5 Nbd7 11. O-O Re8 12. Re1 Qc7 13. Bf4 c4 14. Bc2 Rb8 15. Qe2
b5 16. axb5 axb5 17. Nd4 Qc5 18. Nc6 b4 19. Na4 Qb5 20. Bxd6 b3 21. Nc3 Qb6 22.
Bd1 Rb7 23. Ra5 1-0